[Event "NOR-ch Class1"]
[Site "Lillehammer"]
[Date "2013.06.29"]
[Round "6"]
[White "Vigdal, Per Kristian"]
[Black "Saltnes, Trond Harald"]
[Result "1-0"]
[WhiteElo "1900"]
[BlackElo "1922"]
[PlyCount "51"]
[EventDate "2013.06.29"]
[EventType "swiss"]
[EventRounds "9"]
[EventCountry "NOR"]
[SourceTitle "EXT 2015"]
[Source "ChessBase"]
[SourceDate "2014.11.20"]
[SourceVersion "1"]
[SourceVersionDate "2014.11.20"]
[SourceQuality "1"]

1. e4 c5 2. Nf3 Nc6 3. d4 cxd4 4. Nxd4 e6 5. Nc3 Qc7 6. Be2 a6 7. 0-0 Nf6 8. Nb3 b5 9. f3 Bb4 10. a3 Bd6 11. f4 h5 12. e5 Nxe5 13. fxe5 Bxe5 14. h3 Ng4 15. Bxg4 Qb6+ 16. Kh1 hxg4 17. Qxg4 f5 18. Qg6+ Kf8 19. Rxf5+ Bf6 20. Rxf6+ gxf6 21. Qxf6+ Kg8 22. Bh6 Rxh6 23. Qxh6 Qf2 24. Ne4 Qf5 25. Qg5+ Qxg5 26. Nxg5 1-0

[Event "NOR-ch Class2"]
[Site "Sandefjord"]
[Date "2012.07.08"]
[Round "2"]
[White "Saltnes, Trond Harald"]
[Black "Barstad, Thoralf"]
[Result "1-0"]
[WhiteElo "1608"]
[BlackElo "1540"]
[PlyCount "53"]
[EventDate "2012.07.07"]
[EventType "swiss"]
[EventRounds "9"]
[EventCountry "NOR"]
[SourceTitle "EXT 2024"]
[Source "ChessBase"]
[SourceDate "2023.10.10"]
[SourceVersion "1"]
[SourceVersionDate "2023.10.10"]
[SourceQuality "1"]

1. e4 c5 2. Nc3 Nc6 3. f4 g6 4. Nf3 Bg7 5. Bc4 e6 6. f5 gxf5 7. d3 Ne5 8. Bb3 Nxf3+ 9. Qxf3 Qh4+ 10. g3 Qg4 11. Qf1 Bxc3+ 12. bxc3 fxe4 13. Bf4 Qf3 14. Qxf3 exf3 15. 0-0 Ne7 16. Bd6 b6 17. Rxf3 Nf5 18. Rxf5 Bb7 19. Rf6 0-0-0 20. Raf1 Bc6 21. a4 a5 22. Bc4 Kb7 23. Bb5 Bxb5 24. axb5 h5 25. Rxf7 Kc8 26. c4 Kb7 27. Be7 1-0